Sepanjang Kaki Langit

Bibliographic Details
Main Author: Maulana Syamsuri (Author)
Format: Book
Language:Malay
Published: Shah Alam : Marwilis Publisher & Distributor 1989
Subjects:

MARC

LEADER 00000cam a2200000 7i4500
001 0000002942
005 20240926.0
008 991201 my may
020 |a 9838310743 
040 |a INS   |b eng   |e rda 
090 0 0 |a PL5136   |b .M4496 1989 
100 0 |a Maulana Syamsuri ,   |e author 
245 1 0 |a Sepanjang Kaki Langit   |c Maulana Syamsuri 
264 1 |a Shah Alam :   |b Marwilis Publisher & Distributor   |c 1989 
300 |a 273 pages ;   |c 18 cm. 
336 |a text  |2 rdacontent 
337 |a unmediated  |2 rdamedia 
338 |a volume  |2 rdacarrier 
650 0 |a Malay fiction 
650 0 |a Malay literature 
999 |a 0000004307   |b BOOK   |c Open Shelf   |e Default branch